000 00636nam a22001337a 4500
040 _cRUA
082 _aAGR DOU 2015 B519 Or.1
100 _aDOUCH SOPHEAKTRA; ឌុច សុភក្ត្រា
245 _aEffects of chemical fertilizer application rate and weed control on mungbean; ឥទ្ធិពលនៃការប្រើប្រាស់កម្រិតជីគីមី និងវិធីសាស្ត្រកម្ចាត់ស្មៅលើដំណាំសណ្តែកបាយ
260 _aPhnom Penh
_bRUA
_c2015
300 _axi; 58p;
_bill;
_c29cm;
856 _uDOUCH SOPHEAKTRA
942 _cAGR
999 _c10756
_d10756